Suicidalita vo vyššom veku ako prejav adaptačného zlyhania

Bibliographic Details
Main Author: Hegyi, Ladislav, 1939-2016 (Author)
Format: Article
Language:Slovak
PhysicalDescription:Tab. 2, res. angl., slov., lit. 21 zázn.
ISSN:0457-4214
Subjects:

MARC

LEADER 00000nab a2200000 a 4500
001 vtls000636487
003 SK-MaSNL
005 20260304093626.0
008 250425c1997 xo 0 slo
015 |a SNBRB19rr/mm-uuuuu 
035 |a CL0636626 
035 |a urn:nbn:sk:snk-ab6ltr 
035 |a (uuid)a32d3c77-99d0-40e0-8b61-ba8e338639a6 
035 |a (urnnbn)urn:nbn:sk:snk:ar-005grt 
035 |a (sysno)vtls000636487 
040 |a SNKBUCL  |b slo  |c SNKBUCL  |e AACR2 
041 0 |a slo 
044 |a xo  |c SK 
080 |a 616.89.44-053.9  |2 1981 
100 1 |a Hegyi, Ladislav,  |d 1939-2016  |4 aut  |9 197889 
245 1 0 |a Suicidalita vo vyššom veku ako prejav adaptačného zlyhania  |c Ladislav Hegyi 
300 |b Tab. 2, res. angl., slov., lit. 21 zázn. 
650 0 7 |a zlyhanie adaptačné  |2 snkbucl  |9 1388944 
650 0 7 |a Samovražda  |2 snkbucl  |9 377762 
650 0 7 |a seniori  |2 snkbucl  |9 117453 
655 7 |a články z novín a časopisov  |2 snkbucl  |9 267496 
773 0 |t Lekársky obzor  |g Roč. 46, č. 7-8 (1997), s. 209-212  |x 0457-4214 
850 |a Slovenská národná knižnica 
852 |a Slovenská národná knižnica 
954 |a odborná, vedecká literatúra pôvodná (slovenská)  |2 lita 
958 |a article2022 
958 |a OND 
958 |a NB 
958 |a MI 
958 |a RK 
958 |a EUIPO 
992 |a RBX 
999 |c 2823939  |d 2825869